000
00268nam a2200097Ia 4500
001
644230
005
20250826153600.0
008
250824s9999 xx 000 0 und d
245
0
_a
GÜLİVERİN GEZİLERİ GENÇLİK KLASİKLERİ
_c
JONATHAN SWIFT
260
_b
TİMAŞ ÇOCUK
999
_c
644230
_d
644230